000
003410000a22001570004500
003
MACL
040
_a
MACL
090
_c
32131
_d
32129
100
_a
Gupta, Sanjeev
245
_a
Objective Physics
260
_b
Jai Prakash Nath Publications
_c
1994
350
_a
70
650
_a
Physics
942
_c
BOOK
_k
530/GUP
951
_o
530/GUP BOOK
999
_c
31805
_d
31805